000 00439nam a2200181Ia 4500
008 230524s9999 xx 000 0 und d
020 _a007124476X
082 _a5.74
_bLIL
100 _aAbraham Silberschatz
245 0 _aDatabase System Concepts ( 821p )
250 _a3RD
260 _aNEW DELHI
_bTMH
_c1997
300 _aXXII;821
500 _aQuantity Number: 43
650 _aComp-Sc
700 _a Henry F.Korth
942 _cBK
999 _c7065
_d7065